| 000 | 00437pab a2200169 454500 | ||
|---|---|---|---|
| 008 | 180718b2009 xxu||||| |||| 00| 0 eng d | ||
| 100 | _aBhoite, Uttam B. | ||
| 245 | _aHigher education in India: a system on the verge of chaos | ||
| 260 | _c2009 | ||
| 300 | _ap.147-77. | ||
| 362 | _aMay-Aug | ||
| 650 | _aHigher education - India | ||
| 650 | _aHigher education | ||
| 773 | _aSociological Bulletin | ||
| 908 | _aN | ||
| 909 | _a84084 | ||
| 999 |
_c84084 _d84084 |
||